<?xml version="1.0" encoding="UTF-8"?>
<record
    xmlns:xsi="http://www.w3.org/2001/XMLSchema-instance"
    xsi:schemaLocation="http://www.loc.gov/MARC21/slim http://www.loc.gov/standards/marcxml/schema/MARC21slim.xsd"
    xmlns="http://www.loc.gov/MARC21/slim">

  <leader>00833nam a22002537a 4500</leader>
  <controlfield tag="005">20170124110156.0</controlfield>
  <datafield tag="010" ind1=" " ind2=" ">
    <subfield code="a">A-592300</subfield>
  </datafield>
  <datafield tag="020" ind1=" " ind2=" ">
    <subfield code="c">69.00</subfield>
    <subfield code="a">0876927509</subfield>
  </datafield>
  <datafield tag="035" ind1=" " ind2=" ">
    <subfield code="a">A-592300</subfield>
  </datafield>
  <datafield tag="037" ind1=" " ind2=" ">
    <subfield code="b">Cen Lib/Ret</subfield>
  </datafield>
  <datafield tag="040" ind1=" " ind2=" ">
    <subfield code="a">DPL</subfield>
    <subfield code="b">EN</subfield>
  </datafield>
  <datafield tag="082" ind1=" " ind2=" ">
    <subfield code="a">070.41</subfield>
    <subfield code="b">TEE</subfield>
  </datafield>
  <datafield tag="100" ind1=" " ind2=" ">
    <subfield code="a">Teel, Leonard Ray</subfield>
    <subfield code="9">35002</subfield>
  </datafield>
  <datafield tag="245" ind1=" " ind2=" ">
    <subfield code="a">Into the newsroom : </subfield>
    <subfield code="c">by Leonard Ray Teel [and] Ron Taylor</subfield>
    <subfield code="b">an introduction to journalism /</subfield>
  </datafield>
  <datafield tag="250" ind1=" " ind2=" ">
    <subfield code="a">2nd ed</subfield>
  </datafield>
  <datafield tag="260" ind1=" " ind2=" ">
    <subfield code="a">New Delhi</subfield>
    <subfield code="b">Prentice-Hall of India</subfield>
    <subfield code="c">1992</subfield>
  </datafield>
  <datafield tag="270" ind1=" " ind2=" ">
    <subfield code="a">M-97, Connaught Circus    </subfield>
    <subfield code="b">New Delhi</subfield>
    <subfield code="e">110001</subfield>
  </datafield>
  <datafield tag="300" ind1=" " ind2=" ">
    <subfield code="a">xv, 246p. :</subfield>
    <subfield code="c">21cm(Hb)</subfield>
    <subfield code="b">ill.</subfield>
  </datafield>
  <datafield tag="500" ind1=" " ind2=" ">
    <subfield code="a">Includes index   </subfield>
  </datafield>
  <datafield tag="650" ind1=" " ind2=" ">
    <subfield code="a">Journalism--Vocational guidance</subfield>
    <subfield code="9">35003</subfield>
  </datafield>
  <datafield tag="650" ind1=" " ind2=" ">
    <subfield code="a">Journalism--Authorship--Vocational guidance</subfield>
    <subfield code="9">35004</subfield>
  </datafield>
  <datafield tag="700" ind1=" " ind2=" ">
    <subfield code="a">Taylor, Ron</subfield>
    <subfield code="9">35005</subfield>
  </datafield>
  <datafield tag="942" ind1=" " ind2=" ">
    <subfield code="2">ddc</subfield>
    <subfield code="c">EN</subfield>
    <subfield code="h">070.41</subfield>
    <subfield code="m">TEE</subfield>
  </datafield>
  <datafield tag="999" ind1=" " ind2=" ">
    <subfield code="c">132529</subfield>
    <subfield code="d">132529</subfield>
  </datafield>
  <datafield tag="952" ind1=" " ind2=" ">
    <subfield code="0">0</subfield>
    <subfield code="1">0</subfield>
    <subfield code="4">0</subfield>
    <subfield code="7">0</subfield>
    <subfield code="a">L</subfield>
    <subfield code="b">L</subfield>
    <subfield code="d">2015-07-22</subfield>
    <subfield code="e">Cen Lib/Ret   </subfield>
    <subfield code="g">69.00</subfield>
    <subfield code="l">0</subfield>
    <subfield code="o">070.41 TEE</subfield>
    <subfield code="p">A-592300</subfield>
    <subfield code="r">2015-07-22 00:00:00</subfield>
    <subfield code="t">1</subfield>
    <subfield code="v">69.00</subfield>
    <subfield code="w">2015-07-22</subfield>
    <subfield code="y">EN</subfield>
  </datafield>
</record>
